00331nam a2200133Ia 4500008004100000020001400041050002500055245002000080250001900100300002100119650001200140700003000152999001500182151015s9999 xx 000 0 und d a440170370 aPZ 4 V948 P 14 1952  aVonnergut Kurt  a_Player Piano  aUSA Laurel 1952  a_Novel  a^d20130429 12:31:05^oanne c3993d3993